|
|
|
|
| LEADER |
01209nam a2200277 a 4500 |
| 001 |
2613503 |
| 008 |
090622r20001999njua b 001 0 eng d |
| 010 |
|
|
|a 98003761
|
| 020 |
|
|
|a 8120314905
|
| 040 |
|
|
|a DLC
|c DLC
|d DLC
|
| 082 |
0 |
0 |
|a 658.8
|2 21
|
| 100 |
1 |
|
|a Kotler, Philip.
|
| 245 |
1 |
0 |
|a Principles of marketing /
|c Philip Kotler, Gary Armstrong.
|
| 250 |
|
|
|a 8th ed.
|
| 260 |
|
|
|a Upper Saddle River, NJ ;
|a New Delhi:
|b Prentice Hall,
|c c1999[reprinted 2000].
|
| 300 |
|
|
|a 1 v. (various pagings) :
|b col. ill. ;
|c 29 cm.
|e + 1 computer laser optical disc (4 3/4 in.)
|
| 504 |
|
|
|a Includes bibliographical references and indexes.
|
| 538 |
|
|
|a System requirements for accompanying computer disc: Windows 95.
|
| 541 |
1 |
|
|e 00011647
|
| 650 |
|
0 |
|a Marketing.
|
| 700 |
1 |
|
|a Armstrong, Gary
|q (Gary M.)
|
| 852 |
4 |
|
|a Ayesha Abed Library
|j General Shelf.
|
| 942 |
0 |
0 |
|0 2
|
| 999 |
|
|
|c 9535
|d 9535
|
| 952 |
|
|
|0 0
|1 0
|2 ddc
|4 0
|6 658_800000000000000_KOT_2000
|7 0
|9 12022
|a BRACUL
|b BRACUL
|c GEN
|d 2010-09-23
|l 46
|m 362
|o 658.8 KOT
|p 3010011647
|r 2025-06-24
|s 2025-06-23
|t 1
|w 2010-09-23
|y BK
|
| 952 |
|
|
|0 0
|1 0
|2 ddc
|4 0
|6 658_800000000000000_KOT
|7 0
|9 69251
|a BRACUL
|b BRACUL
|c GEN
|d 2021-01-31
|l 0
|o 658.8 KOT
|p 4010011647
|r 2021-02-07
|t 1
|w 2021-01-31
|y AV
|